000 00242 a2200097 4500
001 59875
100 _a
245 _aEncyclopaedia of Nuclear Physics; Quantum Physics
260 _aNew Delhi
_bAnmol Publications
_c2006
090 _c36710
_d36710
942 _aNUST-CAE
_c
_c29681
999 _c294948
_d294948